• 首页
  • 本馆介绍
  • 公告通知
  • 最新文献
  • 馆藏检索
  • 电子资源
  • 读者导购
  • 参考咨询
  • 我的图书馆
  • 登录
  • 详细信息显示
  • 放入我的书架
  • 预约/预借图书
  • 作者相关作品
  • 分类相关作品
  • 丛书相关作品
  • 出版社相关作品

书目信息

  • 表格格式
  • 工作单格式
  • 卡片格式
题名:
中国近代史辅导与习题
    
 
作者: 刘自▍ 编写 ;本书编写组 编
分册:  
出版信息: 北京   高等教育出版社  1993.10
页数: 155页
开本: 19cm
丛书名: 中学教师进修高等专科历史辅导与习题丛书
单 册:
中图分类: K25
科图分类: 22.27
主题词: 近代史-中国--高等师范教育--教学参考资料
电子资源:
ISBN: 7-04-004411-0
000 00956nam2 2200277 45
001 0194011424
005 20070724102407.68
010    @a7-04-004411-0@dCNY4.40
100    @a19940226d1993 em y0chiy0121 ea
101 0  @achi
102    @aCN@b110000
105    @ay z 000yy
200 10 @a中国近代史辅导与习题@AZHONG GUO JIN DAI SHI FU DAO YU XI TI@f刘自▍编写@FLIU ZI LIANG BIAN XIE@g《中国近代史辅导与习题》编写组编
210    @a北京@c高等教育出版社@d1993.10
215    @a155页@d19cm
225 2  @a中学教师进修高等专科历史辅导与习题丛书
410  0 @120010@a中学教师进修高等专科历史辅导与习题丛书
540 1  @a近代史 习题@AJIN DAI SHI XI TI
606    @a近代史-中国@x高等师范教育@x教学参考资料
607    @a中国-近代史@x高等师范教育@x教学参考资料
690    @aK25@v三版
692    @a22.27
701  0 @a刘自▍@ALIU ZI LIANG@4编写
712 A2 @a本书编写组@ABEN SHU BIAN XIE ZU@4编
801  0 @aCN@bTSSF@c20070724
905    @a10447@dK25@e167
    
    中国近代史辅导与习题/刘自▍编写/《中国近代史辅导与习题》编写组编.-北京:高等教育出版社,1993.10
    155页;19cm.-(中学教师进修高等专科历史辅导与习题丛书)
    
    
    ISBN 7-04-004411-0:CNY4.40
    
●
相关链接 在E读中查询图书 在五车中查询图书 在当当中查询图书 在豆瓣中查询图书


正题名:中国近代史辅导与习题     索取号:K25/167         预约/预借

序号 登录号 条形码 馆藏地/架位号 状态 备注
1 0767017   207670171   第二样本阅览室/ [索取号:K25/167] 在馆    
唐山师范学院图书馆 欢迎您!
大连网信软件有限公司© 版权所有